000 00341nam a2200145Ia 4500
008 151213s9999 xx 000 0 und d
100 _aWordsworth
245 _aSelected Poems
_cWordsworth
260 _aNew Delhi
_bPengain Books
300 _a2135 p.
650 _aEnglish
650 _aEnglish
700 _aWordsworth
999 _c1571
_d1571